000 00391nam a22001697a 4500
005 20160528115334.0
008 160528b xxu||||| |||| 00| 0 eng d
020 _a81-2970-354-8
041 _aeng
082 _b5777
100 _aONKVISIT, Sake other
_91447
245 _aInternational Marketing
260 _bPearsons
_c2009
300 _a730
650 _aManagement
_9241
942 _cBK
999 _c2049
_d2048